| 000 | 01762cam a22004574i 4500 | ||
|---|---|---|---|
| 003 | PE-LiUPU | ||
| 005 | 20250731173501.0 | ||
| 008 | 150616s1975 nyu r 000 0 eng d | ||
| 020 | _a0061315575 | ||
| 035 | _a(Sirsi) i9780061315572 | ||
| 040 |
_aPE-LiUPU _bspa _cPE-LiUPU _erda |
||
| 049 | _aPRUA | ||
| 082 | 0 | 4 |
_a224.06 _bH44 _221 |
| 100 | 1 |
_aHeschel, Abraham Joshua, _eautor. |
|
| 245 | 1 | 4 |
_aThe Prophets. _n2. |
| 264 | 1 |
_aNew York : _bHarper Torchbooks, _c1975. |
|
| 300 |
_a287 páginas ; _c20 centímetros |
||
| 336 |
_atext _2rdacontent |
||
| 337 |
_aunmediated _2rdamedia |
||
| 338 |
_avolume _2rdacarrier |
||
| 505 | 0 | _aThe theology of Pathos -- Comparisons and contrasts -- The philosophy of pathos -- Anthropopathy -- The meaning and mystery of wrath -- Ira dei -- Religion of sympathy -- Prophecy and ecstasy -- The theory of ecstasy -- An examination of the theory of eccstasy -- Event and experience -- Prophets throughout the world -- Prophet, priest, and king. | |
| 526 | _aSEG42 | ||
| 526 | _aSEG41 | ||
| 526 | _aSEG40 | ||
| 526 | _aSEG39 | ||
| 526 | _aP94 | ||
| 526 | _aP87 | ||
| 526 | _aP86 | ||
| 526 | _aP85 | ||
| 526 | _aP77 | ||
| 526 | _aP76 | ||
| 526 | _aP35 | ||
| 650 | 0 | 4 | _aProfetas biblicos. |
| 910 |
_ajck _bjvq _cjck |
||
| 942 |
_2ddc _cBOOK |
||
| 949 |
_a224.06 H44 2 _wDEWEY _c1 _i40283 _lCCODEBUL1 _mBUL _r0 _sY _tBOOK _u2015-6-16 _xTEOLOGIA _zUNKNOWN _0COMPRA _o.STAFF. Colección Teología |
||
| 994 |
_aC0 _bPEPRU |
||
| 596 | _a1 | ||
| 999 |
_a224.06 H44 2 _wDEWEY _c58086 _i40283 _e2017-6-9 _f2021-11-11 _g5 _lCCODEBUL1 _mBUL _n1 _p15.00 _r0 _sY _tBOOK _u2015-6-16 _xTEOLOGIA _PP35 _0COMPRA _o.STAFF. Colección Teología _d58086 |
||
| 980 |
_81 _gALBERTO SANCHEZ Responsable de Automatización |
||